| 000 | 00573nam a2200205 a 4500 | ||
|---|---|---|---|
| 005 | 20231021063623.0 | ||
| 008 | 031001s1993 mx r 000 0 spa d | ||
| 020 | _a9586076156 | ||
| 035 | _aUPN01000129419 | ||
| 049 | _aCG | ||
| 050 | 4 |
_aLB1049 _bD8.2 |
|
| 100 | 1 | _aDuque Yepes, Hernando | |
| 245 | 1 | 0 |
_aCómo alcanzar el exito en el estudio / _cHernando Duque Yepes. |
| 260 |
_aSantafé de Bogotá : _bPaulinas, _cc1993. |
||
| 300 | _a104 p. | ||
| 440 | 0 | _aExito | |
| 650 | 4 |
_aMétodos de estudio _94280 |
|
| 650 | 4 |
_aRendimiento académico _93961 |
|
| 905 | _aLibro | ||
| 999 |
_c101591 _d101591 |
||